Statistics for Name the scrambled fruit!

Click here to take the quiz!

General Stats

  • This quiz has been taken 62 times
    (32 since last reset)
  • The average score is 15 of 16

Answer Stats

Scrambled NameCorrect Name% Correct
PLEAPAPPLE
100%
ANBNAABANANA
100%
APGREGRAPE
100%
RGOANEORANGE
100%
ARPEPEAR
100%
WIIKKIWI
96%
PYAAPAPAPAYA
96%
ECHPAPEACH
96%
PNAILEPEPPINEAPPLE
96%
BRAYSPRERRASPBERRY
96%
WMAETLEORNWATERMELON
96%
OGNMAMANGO
93%
MOLENMELON
93%
NOOCTCUCOCONUT
89%
MOLENLEMON
85%
RBYSWATERRSTRAWBERRY
85%

Score Distribution

Percentile by Number Answered

Percent of People with Each Score

Your Score History

You have not taken this quiz since the last reset